| 000 | 00439nam a2200133Ia 4500 | ||
|---|---|---|---|
| 003 | GCL | ||
| 008 | 140319s9999 xx 000 0 ara d | ||
| 040 |
_aGCL / _cGCL |
||
| 082 | 0 | 4 |
_a301.417 _bش ع |
| 245 | 1 | 0 | _aالعاطفة والجنس بين الرجل والمرأة مسائل حول صحة الحياة الجنسية وخللها |
| 260 |
_a[S.N] : _bدار الاندلس للاعلام ، _c1986 |
||
| 300 | _a362 ص | ||
| 490 | _a | ||
| 999 |
_c36318 _d36318 |
||